Normal view
MARC view
- Capt Altaf Anjum Syn#1
Entry Personal Name
001 - CONTROL NUMBER
- control field: 50987
003 - CONTROL NUMBER IDENTIFIER
- control field: NUST
005 - DATE AND TIME OF LATEST TRANSACTION
- control field: 20210314134848.0
008 - FIXED-LENGTH DATA ELEMENTS
- fixed length control field: 210314|| aca||aabn | a|a d
040 ## - CATALOGING SOURCE
- Original cataloging agency: NUST
- Transcribing agency: NUST
100 ## - HEADING--PERSONAL NAME
- Personal name: Capt Altaf Anjum Syn#1
670 ## - SOURCE DATA FOUND
- Source citation: Work cat.: (NUST): Capt Altaf Anjum Syn#1, Evaluation of on farm water management water course lining efficiency and latest lining techniques , 2005.
